| 000 | 01285cam a2200313 i 4500 | ||
|---|---|---|---|
| 999 |
_c20344 _d20344 |
||
| 005 | 20181022144927.0 | ||
| 008 | 170126t20172017ck ao r 000 0 spa d | ||
| 020 | _a9789585632929 (Colección) | ||
| 020 | _a9789585632950 (Hacia lo sagrado) | ||
| 040 |
_aCO-BoPUJ _cCO-BoPUJ _dCO-BoIAVH |
||
| 041 | 0 | _aspa | |
| 044 | _ack | ||
| 082 | 0 | 4 |
_a709.8 _bA71j2 |
| 245 | 1 | 0 |
_aMaría Teresa Hincapié : _bHacia lo sagrado / _cdirección editorial José Roca y Sylvia Suárez |
| 246 | 3 | 0 | _aHacia lo sagrado |
| 250 | _aPrimera edición. | ||
| 260 |
_aBogotá (Colombia) : _bSeguros Bolívar, _c2017. |
||
| 300 |
_a112 páginas : _bilustraciones y fotografías ; _c29 x 25 cm |
||
| 490 | 0 | _aColección de Arte Contemporáneo Seguros Bolívar | |
| 504 | _aIncluye referencias bibliográficas. | ||
| 600 | 1 | 4 |
_aHincapié Ochoa, María Teresa _d1954-2008 _xCrítica e interpretación |
| 650 | 2 | 4 |
_aArte colombiano _vExposiciones |
| 650 | 2 | 4 |
_aArte conceptual _vExposiciones |
| 650 | 2 | 6 |
_aArtistas plásticos colombianos _vExposiciones |
| 700 | 1 |
_aRoca, José Ignacio _eeditor |
|
| 700 | 1 |
_aSuárez Segura, Sylvia Juliana _d1981- _eeditora |
|
| 700 | 1 |
_aHincapié Ochoa, María Teresa _d1954-2008 _eilustradora |
|
| 942 |
_2ddc _cLIBRO |
||